Luận cổ suy kim Lời bình về Tam Quốc chí T.2
v.v...
Đã lưu trong:
| Tác giả chính: | |
|---|---|
| Định dạng: | Sách |
| Năm xuất bản: |
Tp. Hồ Chí Minh
Nxb Tp. Hồ Chí Minh
1996
|
| Chủ đề: | |
| Tags: |
Thêm thẻ
Không có thẻ, Hãy là người đầu tiên gắn thẻ bản ghi này!
|
| LEADER | 00773nam a2200181 4500 | ||
|---|---|---|---|
| 082 | |a 895.1 |b M455B | ||
| 100 | |a Mộng Bình Sơn | ||
| 245 | |a Luận cổ suy kim |c Mộng Bình Sơn |n T.2 |b Lời bình về Tam Quốc chí | ||
| 260 | |a Tp. Hồ Chí Minh |b Nxb Tp. Hồ Chí Minh |c 1996 | ||
| 300 | |a 275 tr. |c 21 cm. | ||
| 520 | |a v.v... | ||
| 653 | |a Văn học cổ điển | ||
| 653 | |a Trung Quốc | ||
| 653 | |a Phê bình văn học | ||
| 942 | |2 ddc |c STK0 | ||
| 999 | |c 5218 |d 5218 | ||
| 952 | |0 0 |1 0 |2 ddc |4 0 |6 895_100000000000000_M455B |7 0 |8 800 |9 50571 |a qbu |b qbu |c D5 |d 2014-12-21 |g 21500 |o 895.1 M455B |p 660.c1 |r 0000-00-00 |w 2014-12-21 |y STK0 | ||
| 952 | |0 0 |1 0 |2 ddc |4 0 |6 895_100000000000000_M455B |7 0 |8 800 |9 50572 |a qbu |b qbu |c D5 |d 2014-12-21 |g 21500 |o 895.1 M455B |p 660.c2 |r 0000-00-00 |w 2014-12-21 |y STK0 | ||